Kraje z najwiekszymi ofiarami z II wojny światowej - Statystyki

Ogólne statystyki
  • Ten quiz został rozwiązany 136 razy
  • Średni wynik to 13 z 25
Statystyki odpowiedzi
Odpowiedź Suma Wszystkich zabitych % Poprawnych
II Rzeczpospolita/Polska (w granicach z 1939 r.) 5,9-6 mln
100%
Stany Zjednoczone 419 tys
93%
Francja 600 tys
89%
Japonia/Cesarstwo Wielkiej Japonii 2,5-3,1 mln
88%
ZSRR (w granicach z 1946–1991) 26-27 mln
88%
Włochy (w powojennych granicach z roku 1947) 492 tys
86%
Chiny 15-20 mln
85%
Wielka Brytania 450 tys
85%
Jugosławia 1,02-1,7 mln
65%
Grecja 507-807 tys
63%
Węgry 564- 964 tys
63%
Holandia 210 tys
60%
III Rzesza 6,9-7,4 mln
58%
Rumunia (w powojennych granicach z 1945 r.) 527 tys
58%
Generalne Gubernatorstwo Korei 483)533 tys
44%
Litwa (w granicach z 1939 r.) 370 tys
40%
Łotwa 250 tys
37%
Holenderskie Indie Wschodnie (Indonezja) 3-4 mln
33%
Filipiny (terytorium USA) 527 tys
27%
Etiopia 100 tys
14%
Indie Brytyjskie 1,6-2,6 mln
8%
Indochiny Francuskie 1-2,2 mln
3%
Birma Brytyjska 252 tys
1%
Czechosłowacja (w powojennych granicach 1945-1992) 340-355 tys
1%
Ruanda-Urundi (terytorium belgijskie) 300 tys
1%
Nie znaleziono quizów pasujących do podanych kryteriów
Rozkład punktacji
Procent ludzi z każdym wynikiem
Percentyl według liczby udzielonych odpowiedzi
Twoja historia wyników
Nie rozwiązałeś tego quizu